000 00491nam a2200193Ia 4500
008 151119s9999||||xx |||||||||||||| ||und||
082 _a28.5
082 _bGKKV12247
100 _aSWAMI CHINMAYANANDA
245 _aMARCH TO THE FUTURE INTRODUCTION
260 _a--
260 _b--
260 _c0
600 _aSWAMI CHINMAYANANDA
630 _aMARCH TO THE FUTURE INTRODUCTION
700 _aSWAMI CHINMAYANANDA
730 _aMARCH TO THE FUTURE INTRODUCTION
942 _cBOOK
999 _c1066124
_d1066121